الكتب المسيحية النادرة

محفوظ في:

التنسيق: كتاب

اللغة: Undetermined

منشور في: Cairo dar alearab 1971-1972

الوسوم: إضافة وسم

لا توجد وسوم, كن أول من يضع وسما على هذه التسجيلة!

رقم الطلب: B30 KUTU

LEADER 00286nam a2200109Ia 4500
008 240404s9999||||xx |||||||||||||| ||und||
050 4 |a B30 KUTU 
245 1 0 |a الكتب المسيحية النادرة 
264 1 |a Cairo  |b dar alearab   |c 1971-1972 
300 |a 24  |c 24 
942 |2 lcc  |c BK 
999 |c 57970  |d 57970